| 000 | 00478nam a2200133Ia 4500 | ||
|---|---|---|---|
| 008 | 170516s9999 xx 000 0 und d | ||
| 245 | _aBilateral persistent primitive hypoglossal arteries associated with unilateral symptomatic carotid thromboembolism | ||
| 260 | _bJournal of Radiology s | ||
| 260 | _c2017 | ||
| 300 | _a11:4 | ||
| 650 | _xRadiologic Technology | ||
| 650 | _xRadtech | ||
| 856 | _uhttp://www.radiologycases.com/index.php/radiologycases/issue/view/132/showToc | ||
| 999 |
_c332197 _d332197 |
||